El mundo clásico en el pensamiento español contemporáneo (Record no. 131296)
[ view plain ]
| 000 -LEADER | |
|---|---|
| campo de control de longitud fija | 01307nam a2200277 i 4500 |
| 001 - NÚMERO DE CONTROL | |
| campo de control | 131296 |
| 003 - IDENTIFICADOR DE NÚMERO DE CONTROL | |
| campo de control | ES-MaACL |
| 005 - FECHA Y HORA DE LA ÚLTIMA TRANSACCIÓN | |
| campo de control | 20250405233814.0 |
| 007 - CAMPO FIJO DE DESCRIPCIÓN FÍSICA--INFORMACIÓN GENERAL | |
| campo de control de longitud fija | t| |
| 008 - DATOS DE LONGITUD FIJA--INFORMACIÓN GENERAL | |
| campo de control de longitud fija | 070214s1968 sp r ||||1| spa d |
| 100 1# - ENTRADA PRINCIPAL--NOMBRE DE PERSONA | |
| Nombre de persona | Robledo García, María Natividad. |
| 9 (RLIN) | 97918 |
| 245 13 - MENCIÓN DEL TÍTULO | |
| Título | El mundo clásico en el pensamiento español contemporáneo |
| Resto del título | : Unamuno, A. Machado, Baroja y Pérez de Ayala : tesis doctoral / |
| Mención de responsabilidad, etc. | Mª Natividad Robledo García ; [director] Santiago Montero Díaz. |
| 260 ## - PUBLICACIÓN, DISTRIBUCIÓN, ETC. | |
| Lugar de publicación, distribución, etc. | Madrid : |
| Nombre del editor, distribuidor, etc. | Facultad de Filosofía y Letras de la Universidad de Madrid, |
| Fecha de publicación, distribución, etc. | 1968. |
| 300 ## - DESCRIPCIÓN FÍSICA | |
| Extensión | 200 p. ; |
| Dimensiones | 25 cm. |
| 502 ## - NOTA DE TESIS | |
| Nota de tesis | Tesis-Univ. de Madrid, leída en 1965. |
| 600 14 - PUNTO DE ACCESO ADICIONAL DE MATERIA--NOMBRE DE PERSONA | |
| Nombre de persona | Unamuno, Miguel de, |
| Fechas asociadas al nombre | 1864-1936- |
| Subdivisión general | Crítica e interpretación |
| 9 (RLIN) | 111984 |
| 600 14 - PUNTO DE ACCESO ADICIONAL DE MATERIA--NOMBRE DE PERSONA | |
| Nombre de persona | Machado, Antonio, |
| Fechas asociadas al nombre | 1875-1939- |
| Subdivisión general | Crítica e interpretación |
| 9 (RLIN) | 75154 |
| 600 14 - PUNTO DE ACCESO ADICIONAL DE MATERIA--NOMBRE DE PERSONA | |
| Nombre de persona | Baroja, Pío, |
| Fechas asociadas al nombre | 1872-1956- |
| Subdivisión general | Crítica e interpretación |
| 9 (RLIN) | 25756 |
| 600 17 - PUNTO DE ACCESO ADICIONAL DE MATERIA--NOMBRE DE PERSONA | |
| Nombre de persona | Pérez de Ayala, Ramón, |
| Fechas asociadas al nombre | 1880-1962- |
| Subdivisión general | Crítica e interpretación |
| Fuente del encabezamiento o término | |
| 9 (RLIN) | 138868 |
| 650 #4 - PUNTO DE ACCESO ADICIONAL DE MATERIA--TÉRMINO DE MATERIA | |
| Término de materia o nombre geográfico como elemento de entrada | Literatura española- |
| Subdivisión general | Influencia clásica. |
| 9 (RLIN) | 172380 |
| 700 1# - ENTRADA AGREGADA--NOMBRE PERSONAL | |
| Nombre de persona | Montero Díaz, Santiago, |
| Fechas asociadas al nombre | 1911-1985 |
| 9 (RLIN) | 82517 |
| 710 2# - ENTRADA AGREGADA--NOMBRE DE ENTIDAD CORPORATIVA | |
| Nombre de entidad corporativa o nombre de jurisdicción como elemento de entrada | Universidad Central (Madrid). |
| Unidad subordinada | Facultad de Filosofía y Letras. |
| 9 (RLIN) | 7092 |
| 852 ## - LOCALIZACIÓN | |
| Ubicación | ES-MaACL |
| Número de control de estantería | C-35507 |
| 852 ## - LOCALIZACIÓN | |
| Ubicación | ES-MaACL |
| Número de control de estantería | C-36921 |
| Estatus retirado | Estado de pérdida | Estado de daño | No para préstamo | Biblioteca de origen | Biblioteca actual | Ubicación en estantería | Fecha de adquisición | Fuente de adquisición | Total de préstamos | Signatura topográfica completa | Código de barras | Visto por última vez | Precio de reemplazo | Tipo de ítem Koha |
|---|---|---|---|---|---|---|---|---|---|---|---|---|---|---|
| Biblioteca del Ateneo de Madrid | Biblioteca del Ateneo de Madrid | Depósito 2 | 17/01/2008 | C-36921 | 1136691 | 23/02/2023 | 23/02/2023 | Libro impreso | ||||||
| Biblioteca del Ateneo de Madrid | Biblioteca del Ateneo de Madrid | Depósito 2 | 17/01/2008 | C-35507 | 1136690 | 23/02/2023 | 23/02/2023 | Libro impreso |
